Dr.S.R. Myneni's Muslim Law other personal law : (Record no. 144016)
[ view plain ]
| 000 -LEADER | |
|---|---|
| fixed length control field | 00720nam a22002057a 4500 |
| 005 - DATE AND TIME OF LATEST TRANSACTION | |
| control field | 20171013103725.0 |
| 010 ## - LCCN (DPL NO) | |
| LC control number | ENG-120215 |
| 020 ## - INTERNATIONAL STANDARD BOOK NUMBER | |
| International Standard Book Number | 9789380087061 |
| Terms of availability | 360.00 |
| 035 ## - SYSTEM CONTROL NUMBER | |
| System control number | EN-103747 |
| 037 ## - SOURCE OF ACQUISITION | |
| Source of stock number/acquisition | DBAD/PUB |
| 082 ## - DEWEY DECIMAL CLASSIFICATION NUMBER | |
| Classification number | 340.59 |
| 100 ## - MAIN ENTRY--PERSONAL NAME | |
| Personal name | Myneni,S.R. |
| 245 ## - TITLE STATEMENT | |
| Title | Dr.S.R. Myneni's Muslim Law other personal law : |
| Statement of responsibility, etc | by S.R. Myneni ; foreword by Ahmeddullah Khan |
| Remainder of title | other personal law(family law-II) / |
| 260 ## - PUBLICATION, DISTRIBUTION, ETC. (IMPRINT) | |
| Place of publication, distribution, etc | Hyderabad |
| Name of publisher, distributor, etc | Asia Law House |
| Date of publication, distribution, etc | 2010(Rep.) |
| 270 ## - ADDRESS | |
| Address | Asia Law house ,Opp. High court , |
| City | Hyderabad-2 |
| 300 ## - PHYSICAL DESCRIPTION | |
| Extent | xI,656p. : |
| Dimensions | 24cm.(pbk) |
| 500 ## - GENERAL NOTE | |
| General note | Includes bibliographical references and index |
| 700 ## - ADDED ENTRY--PERSONAL NAME | |
| Personal name | Ahmeddullah Khan |
| 942 ## - ADDED ENTRY ELEMENTS (KOHA) | |
| Source of classification or shelving scheme | Dewey Decimal Classification |
| Item type | English Books |
| Classification part | 340.59 |
| Call number suffix | MYN |
| Withdrawn status | Lost status | Not for loan | Collection code | Home library | Current library | Date acquired | Source of acquisition | Cost, normal purchase price | Full call number | Barcode | Copy number | Cost, replacement price | Koha item type |
|---|---|---|---|---|---|---|---|---|---|---|---|---|---|
| Non-fiction | Patel Nagar | Patel Nagar | 04/09/2017 | DBAD/PUB | 360.00 | 340.59 MYN | EN-103747 | 1 | 360.00 | English Books |
